000
00320nam a22001457a 4500
008
210526b ||||| |||| 00| 0 eng d
020
_a
9781587656811
041
_a
eng
080
_2
6th
_a
61
082
_a
61
100
_a
3
101
_a
SHM
245
_a
Magill's Medical Guide
_c
Brandon P. Brown
942
_2
udc
_c
BK
999
_c
57639
_d
57639